000 00490nam a2200145 4500
999 _c6146
_d6146
008 150922b xxu||||| |||| 00| 0 eng d
020 _a0688078192
050 _aREF RC 81 .M473 1990
100 _aLarson, Davis E.
_d1990.
245 _aMayo clinic family health book/
_cDavid E. Larson.
260 _aNewYork :
_bWilliamMorrow and company,
_c1990.
300 _axiii,1377 p. :
_bill. ;
_c27cm.
650 _aMedicine.
942 _2lcc
_cREF_BOOK
_hREF RC 81 .M473 1990